000 01210nam a2200265Ia 4500
999 _c53016
_d53016
001 20048
003 GE_BSU
005 20250306115840.0
008 181216s2005||||ge |||||||||||||| ||geo||
020 _a9992832479
040 _cGE_BSU
041 _ageo
080 _a617-089(075.8)გ-82
100 _aგრიგოლია, ნოდარ
_93225
245 _aქირურგიული დაავადებები :
_bსახელმძღვ. სამედ. უნ-ტის სტუდ. და ახალგ. ექიმებისათვის /
_cნოდარ გრიგოლია ; რედ. ი. დავითაია
250 _a[მე-2 გამოც.].
264 _aთბილისი :
_bმერიდიანი,
_c2005.
300 _a507გვ. :
_b25 სმ.
_cსურ. ;
520 _aპარალ. სათ. ინგლ. ენ.
653 _aმედიცინა
653 _aქირურგიული დაავადებები
700 _aდავითაია, ი
_eრედაქტორი
_93226
711 _aთბილ. სახ. სამედ. უნ-ტი.
_924474
942 _cBK
_2udc